000 00270nam a2200109Ia 4500
008 240625s9999 xx 000 0 und d
041 _aeng
082 _a808.20 BHA
100 _aBHATIA HARPREET KAUR
245 _aSTUDY OF EXCUTIVE ATTRITION RALLIS INDIA
260 _c2007
999 _c35344
_d35344